000 00579nam a22002057a 4500
003 DO-SdBNP
005 20180226103755.0
008 160310b 1978 sp a 00| 0 spa d
020 _a8434800810
040 _aBPMSU
_bspa
_cBPMSU
082 4 _axxxxx
_bxxxxx
100 1 _aValmaseda, Martín
245 1 0 _aBlim /
_cMartín Valmaseda ; ilustraciones Alfonso Ruano
260 _aEspaña :
_bSM,
_c1978.
300 _a172 p. :
_bil. ;
_c25 cm.
700 1 _aRuano, Alfonso,
_eil.
942 _2ddc
_cBK
945 _aInventariado, 2018 / BT
956 _aBTAVAREZ
_b10
_d20160310
_fBPMSU
_h0038
999 _c9172
_d9172